000 00945nas a2200313 4500
001 BR0200831
003 BR-BrBNA
005 20231205102739.0
007 ta
008 230509b bl.|||p| |||| 00| 00por d
040 _aBR-BrBNA
_bpor
_cBiblioteca Nacional de Agricultura
041 _a(Pt)
072 _aL01
100 1 _aSaldanha, E.S.P.B.
100 1 _aMendes, A.A.
100 1 _aGonzales, E.
100 1 _aGarcia, E.A.
100 1 _aDeodato, A. de P.
245 1 _aEfeitos de altos níveis de lisina durante o período final de criação, sobre o desempenho e rendimento de carcaça de frangos de corte
650 _aFrango de Corte
650 _aAbate
650 _aCarcaça
650 _aDieta
650 _aLisina
650 _aCriação
773 0 _tBoletim de Indústria Animal (Brazil)
_xISSN 0067-9615
_g(2001), v. 58(1) p. 73-81
_wBR0200831
909 _a202311
_bLúcia
_c55
_dLúcia Elande
942 _2AGRIS
_n0
_cANA
999 _c169123
_d169123